[Event "ROM-ch U10"]
[Site "Calimanesti"]
[Date "2018.04.02"]
[Round "8"]
[White "Covrig, Raul Alexandru"]
[Black "Cotoros, Eduard"]
[Result "0-1"]
[WhiteElo "1125"]
[BlackElo "1410"]
[PlyCount "62"]
[EventDate "2018.03.27"]
[EventType "swiss"]
[EventRounds "9"]
[EventCountry "ROU"]
[SourceTitle "CBM 183 Extra"]
[Source "ChessBase"]
[SourceDate "2018.04.19"]
[SourceVersion "1"]
[SourceVersionDate "2018.04.19"]
[SourceQuality "1"]

1. e4 c5 2. Nf3 g6 3. d4 cxd4 4. Qxd4 Nf6 5. e5 Nc6 6. Qa4 Nd5 7. Qe4 Nc7 8. Nc3 Bg7 9. Bf4 0-0 10. 0-0-0 b5 11. h4 b4 12. Ne2 a5 13. h5 a4 14. hxg6 fxg6 15. Ng3 b3 16. cxb3 axb3 17. a3 Ra5 18. Bc4+ e6 19. Bxb3 Rc5+ 20. Bc2 Ba6 21. Kb1 Rc4 22. Qe3 Rcxf4 23. Ne2 Bxe2 24. Qxe2 Rxf3 25. gxf3 Nxe5 26. Rh3 Nd5 27. Rg3 Nf4 28. Qd2 d5 29. Bb3 Qb6 30. Ba2 Ned3 31. Qe3 Qxb2# 0-1

[Event "EU-ch U10 27th"]
[Site "Mamaia"]
[Date "2017.09.09"]
[Round "5"]
[White "Cotoros, Eduard"]
[Black "Herega, Nejc"]
[Result "1-0"]
[WhiteElo "1374"]
[BlackElo "1728"]
[PlyCount "59"]
[EventDate "2017.09.05"]
[EventType "swiss"]
[EventRounds "9"]
[EventCountry "ROU"]
[SourceTitle "CBM 180 Extra"]
[Source "ChessBase"]
[SourceDate "2017.10.06"]
[SourceVersion "1"]
[SourceVersionDate "2017.10.06"]
[SourceQuality "1"]

1. e4 d6 2. d4 g6 3. Nf3 Bg7 4. Nc3 a6 5. Bc4 b5 6. Bb3 Bb7 7. a3 Nd7 8. 0-0 c5 9. d5 Ngf6 10. Re1 0-0 11. Bf4 Rc8 12. Ba2 Ng4 13. h3 Nge5 14. Nxe5 Nxe5 15. Bg3 Qc7 16. Rc1 b4 17. axb4 cxb4 18. Ne2 Nc4 19. Bxc4 Qxc4 20. b3 Qc5 21. Nf4 Bb2 22. Nd3 Qc3 23. Nxb2 Qxb2 24. e5 Rfd8 25. exd6 exd6 26. Bf4 Qf6 27. Qg4 Qd4 28. Rcd1 Qg7 29. Bg5 Rf8 30. Qxb4 1-0

[Event "ROM-ch U08"]
[Site "Calimanesti Caciulata"]
[Date "2016.04.22"]
[Round "6"]
[White "Cotoros, Eduard"]
[Black "Cnejev, Vladimir Alexandru"]
[Result "1-0"]
[WhiteElo "1365"]
[BlackElo "1211"]
[PlyCount "131"]
[EventDate "2016.04.18"]
[EventType "swiss"]
[EventRounds "9"]
[EventCountry "ROU"]
[SourceTitle "CBM 172 Extra"]
[Source "ChessBase"]
[SourceDate "2016.06.21"]
[SourceVersion "1"]
[SourceVersionDate "2016.06.21"]
[SourceQuality "1"]

1. e4 e5 2. Nf3 Nc6 3. Bb5 a6 4. Ba4 Be7 5. 0-0 d6 6. d4 exd4 7. Nxd4 Bd7 8. Nxc6 Bxc6 9. Bxc6+ bxc6 10. Nc3 Nf6 11. f4 0-0 12. Be3 Re8 13. Qf3 Rf8 14. Rad1 Nd7 15. Bd4 c5 16. Be3 Bf6 17. Rf2 Qe7 18. Nd5 Qd8 19. Nxf6+ Qxf6 20. e5 Qe6 21. exd6 cxd6 22. b3 Rfe8 23. Re2 Rad8 24. Rde1 Qf5 25. g4 Ne5 26. Qg3 Nxg4 27. Rg2 h5 28. h3 Re4 29. hxg4 hxg4 30. Qxg4 Qxg4 31. Rxg4 Rde8 32. Kf2 f6 33. Bd2 Kf7 34. Rxe4 Rxe4 35. Kf3 Rd4 36. Bc3 Rd1 37. Ke2 Rd5 38. Rg3 Rh5 39. Rd3 Rh2+ 40. Kd1 Rh1+ 41. Be1 Ke6 42. Kd2 Rf1 43. Bg3 d5 44. Ke2 Ra1 45. a4 Ra2 46. Rc3 Kd6 47. f5+ Kc6 48. Bf2 c4 49. bxc4 Rxa4 50. cxd5+ Kxd5 51. Kd3 Rf4 52. Rc5+ Kd6 53. Be3 Rf3 54. Ra5 Ke7 55. Ke4 Rh3 56. Rxa6 Rh4+ 57. Bf4 Kf7 58. c4 g5 59. fxg6+ Kxg6 60. c5 Kg7 61. c6 Rh8 62. c7 Kf7 63. Kd5 Ke7 64. Kc6 Rc8 65. Kb7 Rxc7+ 66. Kxc7 1-0